Jaka jest stolica tego państwa - Statystyki

Ogólne statystyki
  • Ten quiz został rozwiązany 16 razy
  • Średni wynik to 15 z 20
Statystyki odpowiedzi
Kraj Stolica % Poprawnych
Turcja Ankara
91%
Australia Canberra
91%
Afganistan Kabul
91%
Kanada Ottawa
91%
USA Waszyngton
91%
Senegal Dakar
82%
Korea Północna Pjongjang
82%
Czarnogóra Podgorica
82%
Maroko Rabat
82%
Ghana Akra
73%
Liban Bejrut
73%
Nepal Katmandu
73%
Gruzja Tbilisi
73%
Zjednoczone Emiraty Arabskie Abu Zabi
64%
Gwatemala Gwatemala
64%
Jamajka Kingston
64%
Arabia Saudyjska Rijad
64%
Pakistan Islamabad
55%
Salwador San Salvador
45%
Barbados Bridgetown
27%
Nie znaleziono quizów pasujących do podanych kryteriów
Rozkład punktacji
Procent ludzi z każdym wynikiem
Percentyl według liczby udzielonych odpowiedzi
Twoja historia wyników
Nie rozwiązałeś tego quizu